000 01440pam a2200385 i 4500
001 1354730
003 OSt
005 20140310182649.0
008 800723s1980 mau b 001 0 eng
010 _a 80020044
020 _a0201000814 :
_c$10.95
020 _a0201000822
_c$5.95
040 _aDLC
_cDLC
_dDLC
043 _an-us---
050 0 0 _aHQ 799.97
_b.B851 1980
082 0 0 _aM 303.4
_2B76 1980
100 1 _aBridges, William,
_d1933-
245 1 0 _aMaking sense of life's changes transitions:
_bstrategies for coping with the difficult painful, and confusing times in your life
_cBridges, William
260 _aReading, Mass. :
_bAddison-Wesley,
_cc1980.
300 _av, 170 p. ;
_c23 cm.
504 _aIncludes bibliographical references and index.
521 _aHigh School to College Students
526 _c1210L-1700L
541 _j1
562 _eFor circulation. 1 copy available in the collection
650 0 _aLife cycle, Human
_xPsychological aspects.
650 0 _aMaturation (Psychology)
650 0 _aSocial change.
650 0 _aSocial adjustment.
650 0 _aAdjustment (Psychology)
856 4 2 _3Contributor biographical information
_uhttp://www.loc.gov/catdir/enhancements/fy0832/80020044-b.html
856 4 2 _3Publisher description
_uhttp://www.loc.gov/catdir/enhancements/fy0832/80020044-d.html
906 _a7
_bcbc
_corignew
_du
_eocip
_f19
_gy-gencatlg
942 _2lcc
_cBK
_kM
999 _c15088
_d15088